000 00215nam a22000857a 4500
008 170130b xxu||||| |||| 00| 0 eng d
100 _92672
_aMittal.R.S et al
245 _aLab Physics -X,XI
260 _aNew delhi
_bAP
_c2009
999 _c5828
_d5828